[Event "World Cup"]
[Site "Khanty-Mansiysk"]
[Date "2007.11.27"]
[Round "2.1"]
[White "Avrukh, Boris"]
[Black "Kamsky, Gata"]
[Result "0-1"]
[WhiteElo "2641"]
[BlackElo "2714"]
[Annotator "Avrukh,B"]
[PlyCount "106"]
[EventDate "2007.11.24"]
[EventType "k.o."]
[EventRounds "7"]
[EventCountry "RUS"]
[SourceTitle "CBM 122"]
[Source "ChessBase"]
[SourceDate "2008.01.30"]
[SourceVersion "1"]
[SourceVersionDate "2008.01.30"]
[SourceQuality "1"]

1. d4 Nf6 2. c4 e6 {Already a small surprise for me, recently Gata has been
played mostly the Slav Defence, but certainly the Nimzo/Queen's Indian still
remains in his repertoire.} 3. g3 c5 {A very unexpected choice by my opponent,
although there have been a few games of Gata's, in which he played the Benoni.}
4. d5 exd5 5. cxd5 d6 {So finally the game transposed to the "normal" Benoni.}
({Recently} 5... b5 {has been very popular for Black, but White has found a
few interesting ideas in the following games Gelfand-Aronian 2007 and
Kramnik-Alekseev 2007, where Black faced some problems in the opening.}) 6. Nc3
g6 7. Bg2 Bg7 8. Nf3 O-O 9. O-O a6 10. a4 Re8 11. Nd2 {The most popular move
in this variation, where I have scored quite well before this game.} ({The
alternative would have been} 11. Bf4 Ne4 {with complicated play.}) 11... Nbd7
12. h3 Rb8 13. Nc4 {The main direction.} ({I have tried} 13. a5 {a few times,
but Black gets good play after} b5 14. axb6 Nxb6) 13... Ne5 {Without any doubt,
this move is the most principal continuation.} ({Another line runs} 13... Nb6
14. Na3 {etc.}) 14. Na3 {Preventing b5-move.} Nh5 ({Quite interesting is} 14...
c4 $5 {which has been played in Avrukh-Gajewski, Dresden 2007.}) 15. e4 {
Otherwise Black will play 15 ...f5 with good play.} Bd7 ({Another interesting
option is} 15... Rf8) 16. a5 $1 {The only way to fight for the advantage.} (16.
g4 {is considered to be dubous, since after} b5 {Black obtains a fantastic
game.}) 16... Qxa5 17. g4 Nf6 18. g5 $2 {This is considered to be the best
option for White, but now after the present game I believe this move is simply
bad .} ({I think White should try another line} 18. f4 Nexg4 19. hxg4 Nxg4 {
with extremely complicated play.}) 18... Nh5 19. f4 Nc4 $1 {Black has tried
other moves here, like 19...b5, 19...c4, but the text is clearly the best one.}
20. Nxc4 Qxa1 21. Nxd6 Bxc3 $1 $146 {Very simple and very strong! This
position has occured only three times in tournament practice, and has been
considered slightly dubious for Black. Meanwhile this game completely changes
the assessment of this variation.} ({The recent game, where this position
occured saw} 21... Re7 $2 22. e5 {[%csl Ge7,Gg7]} Nxf4 $2 23. Bxf4 Qxb2 24.
Nce4 $18 {1-0 Camus de Solliers,G-Marzolo,C/Paris FRA 2007/The Week in Chess
622 (24)}) 22. bxc3 Qxc3 23. Nxe8 $6 {In my opinion this move is a serious
inaccuracy.} ({I should have played} 23. Rf3 $142 Qd4+ (23... Qb4 24. Ba3) 24.
Qxd4 cxd4 25. Nxe8 {transposing into the game, but not allowing Black the
additional option on his 24th move.}) 23... Rxe8 24. Rf3 ({Neither} 24. Qd2
Qd4+ 25. Qxd4 cxd4 26. d6 Ng3 $1 (26... Rc8) 27. Re1 Rc8 28. Kf2 Nh5 $17) ({nor
} 24. e5 Ng3 25. Re1 Nf5 {didn't appeal to me during the game.}) 24... Qd4+ ({
I believe Black should go for} 24... Qc4 $1 {(that's why 23 Rf3 was better)
with better play, although White keeps some counterplay after} 25. Rf2 $1 (25.
e5 b5 26. Bf1 Qb4 27. Qd2 Qxd2 28. Bxd2 Rb8 $1 {[%cal Gb5b4]}) (25. Rf2 b5 26.
Bb2 Ng3 27. e5 Nf5 $17) 25... Ng3 (25... Ba4 26. Qf1 Rxe4 27. Bxe4 Qxe4 28. Re2
Qxd5 29. Rd2 $132 {[%cal Od2d5,Gd2d8]}) 26. e5 b5 27. d6) 25. Qxd4 cxd4 26. Rd3
{[%csl Gd4] During the game I had a feeling, that my position is not bad at
all, two bishops and a strong center should be quite good compensation for a
pawn and White should be able to reach a draw.} Rc8 27. Bd2 a5 {This move was
played very quickly by my opponent, so I understood here, that he is still
following his preparation!} ({After the natural} 27... Rc4 {White has enough
time to create counterplay:} 28. Bf3 $1 Bb5 (28... b5 29. d6 Ng7 30. Bd1 $1 {
[%cal Gd1b3]} Ne6 31. Bb3 Rc8 32. Bxe6 $11) 29. Bd1 {[%cal Gd1b3]} (29. d6)
29... Rc1 (29... a5 $2 30. Rb3 $1 $36) 30. Bxc1 Bxd3 31. Bf3 a5 32. Kf2 $44)
28. Bf3 $1 {[%cal Gf3g4] A very good idea, which allows White to keep the
balance.} a4 29. Bg4 f5 (29... Bxg4 $2 30. hxg4 Ng7 31. Rxd4 {looks risky for
Black.}) 30. gxf6 $6 {This continuation obviously complicates the task.} ({
Much easier would have been} 30. exf5 $142 Bxf5 (30... Ra8 $2 31. fxg6) 31.
Bxf5 gxf5 32. d6 Kf7 33. Rxd4 {[%cal Gd4a4]} a3 34. d7 Rd8 35. Ba5 ({,or} 35.
Kf2 Ke6 36. Ra4 Rxd7 37. Ke3 Ng3 38. Be1 Ne4 39. Rxa3 Rd1 40. Ke2 $11) 35... a2
36. Rd1 a1=Q 37. Rxa1 Rxd7 38. Ra4 $11) 30... Nxf6 $1 ({Worse would have been} 
30... Bxg4 $6 31. hxg4 Nxf6 32. e5 $1 Nxd5 33. Rxd4 Nb6 34. Bb4 Nc4 35. e6 $44)
31. Bxd7 ({Certainly not good is} 31. Bf3 $2 Bb5 32. Ra3 (32. Rxd4 a3 $19)
32... Rc2 33. Bb4 d3 $19) 31... Nxd7 32. e5 $2 {This is already a serious
mistake.} ({The correct move would have been} 32. Rxd4 $142 $1 {and it seems
to me White holds somehow.} Ra8 (32... a3 33. Ra4 Rc2 34. Be3 a2 35. e5 Nb6 36.
Bxb6 Rc1+ 37. Kf2 a1=Q 38. Rxa1 Rxa1 39. Ke2 $11) 33. Bc3 a3 34. Rc4 a2 35. Ba1
Nb6 (35... Ra5 36. Rc7 Nc5 37. d6 $11) 36. Rc2 (36. Rc7 Re8) 36... Ra4 37. d6
Kf7 38. Rc7+ Ke6 39. Rxh7 Kxd6 40. Rxb7 Kc6 41. Rg7 $11) 32... Nb6 $2 {Missing
a clear win.} ({There was a nice trap:} 32... Rc4 $2 {looks very natural and
winning for Black, in fact this is a losing move!} 33. e6 Nc5 (33... Nf6 34. d6
Kf8 35. f5 $1 $18) 34. f5 $3 Nxd3 (34... gxf5 35. Rg3+ Kf8 36. Bh6+ Ke7 37.
Rg7+ Kd6 38. Bf4+ Kxd5 39. e7 $18) 35. d6 $18) ({Easily wins} 32... Nc5 $142 $1
33. Ra3 (33. e6 Nxd3 34. d6 Nc5) (33. Rxd4 a3 $17) 33... b5 34. Bb4 Kf7 $19)
33. e6 $1 $11 {Now it looks drawish once again.} (33. d6 $143 Kf7 34. Rxd4 Rc4
(34... Ke6 35. Ba5) 35. Rd3 Nd7 $17) 33... Nxd5 ({In case of} 33... a3 {
White has the very strong} 34. d6 $1 (34. Rxa3 Nxd5 35. Ra4 Nc3 36. Ra7 Re8 37.
Rxb7 Rxe6 38. Rd7 Re4 $15) 34... Ra8 $8 35. Rxd4 a2 36. Bc3 a1=Q+ 37. Bxa1
Rxa1+ 38. Kf2 Ra8 39. d7 Nxd7 40. Rxd7 Re8 $11) 34. Rxd4 Ne7 ({Black has an
interesting alternative} 34... Nc7 {but after} 35. e7 Ne6 36. Rxa4 Kf7 (36...
Re8 37. f5 gxf5 38. Bb4 Nd4 39. Ra7 Nc6 40. Rxb7 Nxb4 41. Rxb4 Rxe7 42. Rb5 $11
) 37. f5 $1 gxf5 38. Rh4 Rg8+ 39. Kf2 Kxe7 40. Rxh7+ Rg7 41. Rh8 {it should be
a draw.}) 35. Rxa4 Nc6 {Obviously we have reached a drawish position, but
having not so much time I started to play inaccurately.} 36. Re4 $6 {The first
inaccuracy. Obviously there is nothing to do for my R on e4, the problem is
that I simply underestimated Black's next move.} ({A very easy draw could have
reached by} 36. Bc3 $142 Re8 (36... Kf8 37. Bf6) (36... b5 37. Ra6) 37. Kf2 $1
Rxe6 38. Ra8+ Kf7 39. Rh8 Re7 40. Rxh7+ Ke6 41. Rh8 $11) 36... Kf8 $1 $15 {
Now White starts to experience slight problems, although it's still drawish.} (
{I only counted on} 36... Re8 37. Bb4 Nd8 38. e7 Nc6 39. Bc5 Kf7 40. Kf2 {
and Black cannot win the e-pawn without losing his b-pawn.} b5 41. Bd6 Nxe7 42.
Rb4 $11) 37. Bb4+ (37. Kf2 b5 38. Ke3 (38. Kf3 Ke8 39. Bc3 Rd8 40. Re3 Ke7)
38... Ke7 (38... Ra8 39. f5 gxf5 40. Rf4 Ne7 41. Bb4 $11) 39. Be1 Ra8 40. Bh4+
Kd6 $15) 37... Ke8 ({The rook endgame is drawish after} 37... Nxb4 38. Rxb4 Rc7
39. Rb6 $1 Ke7 40. Kf2 Kf6 41. Kf3 Re7 42. Kg4) 38. Kg2 ({Quite possible was} 
38. Kf2 $5 b5 39. Ke3 (39. Bc5 Rd8 40. Ke2 Rd5 41. Bf2 Rh5 $17) 39... Rd8 40.
Be1 Ra8 $140 41. f5 gxf5 42. Rh4 {and in view of the limited material, there
should be no problems for White to achieve draw.}) 38... b5 39. Bc5 (39. Kf3
Rd8 $1 (39... Nxb4 40. Rxb4 Rc5 41. Rd4 $1 Ke7 42. Rd7+ Kxe6 43. Rxh7 Rh5 (
43... Kd5 44. Ke3 b4 45. Rg7 Rc6 46. Kd3) 44. Rb7 Rxh3+ 45. Ke4 Rh5 46. Rb6+
Kf7 47. Rb7+ Kf6 48. Rb6+ Kg7 49. Rb7+ Kh6 50. Rb6 $11) 40. Bc5 Rd3+ {leads to
the line examined after 44 Kf3}) (39. Be1 Rb8 40. Bh4 b4 41. Bf6 b3 42. Bb2 Nb4
$17) 39... Ne7 (39... Rd8 {- 43...Rd8}) 40. Bf2 (40. Re5 Nc6 41. Re4 (41. Rd5
$2 Rd8 $1 $17) 41... Rd8 {leads to the game.}) 40... Rb8 41. Bc5 Rc8 ({My
opponent almost went for natural} 41... Nc6 {[%cal Gb5b4] then White has a
draw after} 42. f5 $1 gxf5 43. Rf4 (43. Rh4 Rb7 44. Rh6 Ne5 45. Rf6 Ng6 $1 $17)
(43. Re3 Ne7 44. Ra3 Rc8 45. Bb4 Nd5 46. Bd6 $5) 43... Ne7 44. Rh4 Rc8 45. Bf2
Nd5 46. Rxh7 Nf4+ 47. Kf3 Nxe6 48. Rh8+ Kd7 49. Rxc8 Kxc8 50. h4 $11) 42. Bf2
Nc6 43. Bc5 Rd8 $1 {Certainly Gata decided to play on.} 44. Re2 $2 {And here
comes the decisive mistake, somehow I didn't manage to feel the danger after
reaching move 40.} ({It's not so easy already, but I believe White could have
held the position after} 44. Kf3 $1 Rd3+ (44... Rd5 45. Be3 b4 46. Rc4 Rd6 47.
Bc5 $11) 45. Be3 (45. Kg4 h6) 45... Na5 (45... b4 46. Rc4 Rc3 47. Rxc3 bxc3 48.
Ke4 c2 49. f5 gxf5+ 50. Kxf5 Nd4+ 51. Kf6 $11) 46. Ke2 Rd5 47. Bd4 Nb7 48. Bf2
Nc5 (48... Nd6 49. Re3 Rh5 50. h4 Ke7 51. Be1 Nf5 52. Bb4+ Ke8 53. Rd3 Rxh4 54.
e7 Kf7 55. Rd8 Nxe7 56. Rd7 Rxf4 57. Rxe7+ $11) 49. Bxc5 Rxc5 50. Rd4 Rc6 51.
f5 (51. Kd3 Rxe6 52. Rd5 Rb6 53. Kc3 b4+ 54. Kb3 Ke7) 51... gxf5 52. Rd5 Rxe6+
53. Kd2 b4 54. Rb5 Rh6 55. Rxb4 Rxh3 56. Rb5 $11) 44... Rd5 $1 $17 {Suddenly
White is lost.} 45. Bf2 (45. Rc2 Nd8 $1 46. e7 Nc6 $19) 45... b4 46. Ra2 $6 ({
Maybe more stubborn was} 46. Kf3 b3 47. Ke4 Rb5 48. Rb2 {, but I think Black
should be winning after} Ke7 49. Kd3 Kxe6 50. Kc4 Rb8 $1 $17) (46. Rc2 Rd6 $1
$17) 46... b3 47. Ra1 ({My intention was to play} 47. Ra6 {but then I found}
Rb5 $1 48. Rxc6 b2 49. Bh4 Rb8 $19) 47... b2 48. Rb1 Rd2 $19 {Now it's
completely lost.} 49. Kf3 Na5 {[%cal Ga5c4]} ({It seems to me} 49... Rc2 {
was the cleanest way .}) 50. Bh4 ({Missing the opportunity to complicate the
matters} 50. f5 $1 gxf5 51. Bh4 {and Black has to find the following line} Rd3+
$1 (51... Nc4 52. Rg1 Ne5+ 53. Ke3 f4+ 54. Kxd2 Nf3+ 55. Kc2 Nxg1 56. Kxb2 Nxh3
57. Kc3 $11) 52. Kf2 Rxh3 53. Bf6 Nc4 54. Rg1 Kf8 $1 55. e7+ Kf7 56. Rg8 (56.
Rg7+ Kxf6 57. e8=Q Kxg7 58. Qe7+ Kg6 $19) 56... Nd6 57. Rf8+ Ke6 58. Bxb2 Kxe7
$19) 50... Nc4 51. f5 Rd5 $1 52. fxg6 hxg6 53. Kg4 (53. Ke2 Rd2+ 54. Ke1 Rh2 {
wins.}) 53... Rd1 $1 (53... Rd1 54. Rxd1 Ne3+ {[%cal Ge3d1,Gb2b1]}) 0-1

[Event "World Cup"]
[Site "Khanty-Mansiysk"]
[Date "2007.11.28"]
[Round "2.2"]
[White "Kamsky, Gata"]
[Black "Avrukh, Boris"]
[Result "1/2-1/2"]
[WhiteElo "2714"]
[BlackElo "2641"]
[PlyCount "56"]
[EventDate "2007.11.24"]
[EventType "k.o."]
[EventRounds "7"]
[EventCountry "RUS"]
[SourceTitle "CBM 122"]
[Source "ChessBase"]
[SourceDate "2008.01.30"]
[SourceVersion "1"]
[SourceVersionDate "2008.01.30"]
[SourceQuality "1"]

1. d4 Nf6 2. Nf3 c5 3. d5 b5 4. c4 Bb7 5. a4 bxc4 6. Nc3 d6 7. e4 Ba6 8. e5
dxe5 9. Nxe5 g6 10. Bxc4 Bxc4 11. Nxc4 Bg7 12. O-O O-O 13. Bf4 Na6 14. Qf3 Nb4
15. Rad1 Nc2 16. Be5 Nd4 17. Bxd4 cxd4 18. Rxd4 Nd7 19. Rdd1 Rc8 20. b3 Nb6 21.
Nb5 Nxc4 22. bxc4 Rxc4 23. Qb3 Rh4 24. Nxa7 Qd6 25. g3 Rb4 26. Qc2 Ra8 27. Nb5
Qd7 28. d6 exd6 1/2-1/2

[Event "World Cup"]
[Site "Khanty-Mansiysk"]
[Date "2007.11.30"]
[Round "3.1"]
[White "Kamsky, Gata"]
[Black "Georgiev, Kiril"]
[Result "1-0"]
[WhiteElo "2714"]
[BlackElo "2649"]
[Annotator "CB"]
[PlyCount "108"]
[EventDate "2007.11.24"]
[EventType "k.o."]
[EventRounds "7"]
[EventCountry "RUS"]
[SourceTitle "CBM 122"]
[Source "ChessBase"]
[SourceDate "2008.01.30"]
[SourceVersion "1"]
[SourceVersionDate "2008.01.30"]
[SourceQuality "1"]

1. e4 e5 2. Nf3 Nc6 3. Bb5 a6 4. Ba4 Nf6 5. O-O Be7 6. Bxc6 {Kamsky has his
own way of dealing with the Marschall. Why shoould be this worse then all
those Anti-Marschalls anyway?} dxc6 7. d3 Qd6 8. b3 Be6 9. Bb2 Nd7 10. Nbd2 c5
11. a4 a5 12. Re1 O-O 13. Nf1 f6 14. Ne3 g6 15. Nd2 Nb8 16. Qf3 Nc6 17. Qg3 Nd4
18. h4 Kh8 19. Ndc4 Qd7 20. Rac1 b6 21. f3 Rae8 22. Qh2 Bd8 23. Rcd1 Bxc4 $2 {
A positional mistake. Black should have kept the light-squared bishop. Besides,
now White won't have to worry about the so-called "problem of the extra
knight", when it is more difficult to find good squares for both knights than
for just one of them.} 24. dxc4 Qf7 25. h5 gxh5 26. c3 $5 {A highly unusual
approach. It turns out that White wants to keep bishops on the board, not his
knight for opponent's bishop.} Ne6 (26... Nxb3 {leaves the knight too far away
from the kingside. After} 27. Nf5 {White will develop a strong attack. If} Qxc4
{then} 28. Rd7 {and Black won't survive.}) 27. Nf5 Ng7 28. Qh3 Nxf5 29. Qxf5
Re6 30. Kf2 Rd6 {Apparently Black is doing everything correctly: he exchanged
knights and now does the same with rooks, at the same time undoubling his
pawns and closing the d-file. But his position was so bad that all these
measures just create new problems.} 31. Rxd6 $1 cxd6 32. Rh1 Qg6 33. Rxh5 Qxf5
34. exf5 $1 {Now things are finally clear. White wins with the march of the
king on the light squares.} Rg8 35. Bc1 Rg7 36. Bh6 Rd7 37. Ke2 Be7 38. Rh4 Rd8
(38... d5 39. cxd5 Rxd5 40. Rg4 {and White wins the pawns with checks.}) 39.
Kd3 d5 40. cxd5 Rxd5+ 41. Kc4 Rd7 42. Rg4 Bd8 43. Kb5 Rf7 44. Kc6 Ra7 45. Bf8
h5 46. Rg6 Kh7 47. c4 Rf7 48. Rh6+ Kg8 49. Bd6 Be7 50. Bc7 Rg7 51. Rg6 Rxg6 52.
fxg6 Kg7 53. Kd7 Bf8 54. Bxb6 Kxg6 {A painful defeat for Georgiev and a very
good achievement for Kamsky.} 1-0

[Event "World Cup"]
[Site "Khanty-Mansiysk"]
[Date "2007.12.01"]
[Round "3.2"]
[White "Georgiev, Kiril"]
[Black "Kamsky, Gata"]
[Result "1/2-1/2"]
[WhiteElo "2649"]
[BlackElo "2714"]
[Annotator "CB"]
[PlyCount "72"]
[EventDate "2007.11.24"]
[EventType "k.o."]
[EventRounds "7"]
[EventCountry "RUS"]
[SourceTitle "CBM 122"]
[Source "ChessBase"]
[SourceDate "2008.01.30"]
[SourceVersion "1"]
[SourceVersionDate "2008.01.30"]
[SourceQuality "1"]

{5 wins again, 10 players are out The second day of the third round brought 5
wins again (4-1 for White). From the yesterday losers nobody could level the
score. Thus 10 matches are already decided. Cheparinov, Shirov, Adams,
Alekseev, Carlsen, Kamsky, Akopian, Jakovenko, Ponomariov and Wang are through
to the next round. 12 players will face tiebreak matches. After the World
Championship in Mexico earlier this year Grischuk said: "Ninety per cent of my
opening preparation was spent on variations that never occurred in a single
game. Not only in my games, but in any game". In chess that means a very bad
luck. The Muscovite struggled well in Mexico, but he finished on the last
place. In Khanty-Mansiysk the tension and level of the games reached the point
where avoiding your opponent's opening preparation is highly important. And if
you succeed in catching the opponent on your well prepared and solid opening
ground, then you can certainly call yourself a lucky guy. Gata Kamsky played
many nice games on the Black side of the Gruenfeld Defense, including wins
against players like Karpov or Gelfand. But that happened in the second
millennium. These days Kamsky usually sticks to the very solid Slav Defense,
which actually suited well for his match situation versus Georgiev, where the
American needed just a draw to win the match. Nevertheless in reply to 1.d4
Kamsky went for his old love - Gruenfeld Defense.} 1. d4 Nf6 2. c4 g6 3. Nc3 d5
4. Nf3 Bg7 5. Qb3 {The Russian Variation, played by Kiril Georgiev only once -
20 years ago. On the other hand the choice of the Bulgarian Grandmaster can be
explained by the fact that in the past the Russian Variation caused many
troubles to Kamsky.} dxc4 6. Qxc4 O-O 7. e4 {The Smyslov's line, never used by
Kamsky before. The American used to play 7...a6 or 7...Nc6.} Bg4 8. Be3 Nfd7 9.
Rd1 Nc6 10. Be2 Nb6 11. Qd3 {A rare move, which never caused Black any
problems. In the present game the white queen won't be able to find good
squares and will always offer Black some tempis for regrouping his pieces.} ({
The main continuation is} 11. Qc5 {which was met in the famous game Botvinnik,
M-Fischer,R, Varna Olympiad 1962.}) 11... Qc8 {An old and good move introduced
by Korchnoi in 1984. Later Black started to play more often 11...Bxf3 followed
by 12...e5, but Korchnoi's move is logical and enough for a good play - Black
prepares ...Rd8 to underline the awkward position of the queen on d3.} 12. Qc2
Rd8 (12... e5 13. d5 Bxf3 14. Bxf3 Nd4 15. Bxd4 exd4 16. Ne2 c6 {was also good
for Black in Andersson,U (2630)-Kortschnoj,V (2635)/London 1984}) 13. d5 Bxf3
14. Bxf3 Ne5 15. Be2 c6 16. Qb3 Ng4 17. Bc1 cxd5 18. exd5 Nh6 19. O-O Nf5 {
Black reached a pleasant equality. Further exchange of pieces is inevitable
and there is little White can do in order to keep the tension.} 20. Bd3 Nd4 21.
Qb4 Nxd5 22. Nxd5 Rxd5 23. Qxe7 Re5 24. Qb4 Ne2+ 25. Kh1 Nxc1 26. Rxc1 Qd7 27.
Bc4 Qe7 28. Qb3 Rd8 29. a4 b6 30. h3 Bf6 31. Rcd1 Rxd1 32. Qxd1 Kg7 33. b3 Re4
34. g3 h5 35. Kg2 h4 36. Qf3 Rd4 {A disappointing draw for Georgiev, who never
got the chance to complicate matters.} 1/2-1/2

[Event "World Cup"]
[Site "Khanty-Mansiysk"]
[Date "2007.12.05"]
[Round "4.4"]
[White "Svidler, Peter"]
[Black "Kamsky, Gata"]
[Result "0-1"]
[WhiteElo "2732"]
[BlackElo "2714"]
[Annotator "CB"]
[PlyCount "142"]
[EventDate "2007.11.24"]
[EventType "k.o."]
[EventRounds "7"]
[EventCountry "RUS"]
[SourceTitle "CBM 122"]
[Source "ChessBase"]
[SourceDate "2008.01.30"]
[SourceVersion "1"]
[SourceVersionDate "2008.01.30"]
[SourceQuality "1"]

{In the first rapid game between Kamsky and Svidler the fight was equal. The
second one seemed to lead to a similar result, until Svidler made a mistake in
a relatively simple position.} 1. e4 e5 2. Nf3 Nc6 3. Bb5 a6 4. Ba4 d6 5. c3
Bd7 6. d4 g6 7. O-O Bg7 8. d5 Nce7 9. c4 Nf6 10. Bxd7+ Qxd7 11. Nc3 O-O 12. c5
Nh5 13. cxd6 cxd6 14. Be3 Rac8 15. Na4 Qb5 16. Nb6 Rcd8 17. Rc1 Nc8 18. a4 Qe8
19. Qb3 Nxb6 20. Bxb6 Rd7 21. Rc4 Bh6 22. Be3 Bxe3 23. Qxe3 f5 24. Ng5 Nf4 25.
g3 h6 26. Nf3 fxe4 27. Qxe4 Nh5 {The position is equal.} 28. Nd2 $2 {
Unexpectedly this natural move loses a pawn.} ({The balance could be kept for
instance with} 28. Nh4 Rg7 ({After} 28... g5 29. Nf5 {Black has no good way to
defend on h6.}) 29. Qd3 Qf7 30. Ng2) 28... Qf7 29. Qd3 Nf6 {White can't
protect the pawn on d5 and suddenly Svidler was faced with the unpleasant task
to defend against an opponent who is particlarly strong in such positions.} 30.
f4 Kg7 $1 {Black needs to protect g6 in order to create the threat 31...Qxd5.}
31. fxe5 dxe5 32. d6 Qe6 33. Rc7 Rff7 $1 34. Ne4 Rxc7 35. dxc7 Qb6+ 36. Kg2
Qxc7 37. Nc3 Qc6+ 38. Kg1 Qb6+ 39. Kh1 Qxb2 {After winning the second pawn by
Kamsky there were little doubts left about the outcome.} 40. Qc4 Qb6 41. Ne4 a5
42. Nc5 Qc6+ 43. Kg1 Re7 44. Qb5 e4 45. Qxc6 bxc6 46. Rc1 Nd5 47. Kf2 Kf6 48.
Nb3 Rb7 49. Nxa5 Rb2+ 50. Ke1 Nb4 51. Rc3 Rxh2 52. Nxc6 Nd3+ 53. Kd1 Ra2 54. a5
h5 55. Rc2 Ra3 56. Kd2 Ne5 57. Nxe5 Kxe5 58. Rc5+ Kd4 59. Rg5 Ra2+ 60. Kd1 Kd3
61. Rd5+ Ke3 62. Rg5 Kf2 63. Rxg6 Rxa5 64. Rf6+ Kxg3 65. Ke2 Rg5 66. Rf1 h4 67.
Ke3 h3 68. Rg1+ Kh4 69. Rh1 Rg2 70. Kxe4 h2 71. Kf3 Kh3 0-1